| 000 | 00690nam a2200181zi 4500 | ||
|---|---|---|---|
| 999 |
_c25641 _d53639 |
||
| 005 | 20170529080953.0 | ||
| 037 |
_aBC_1420 39 _fbroch |
||
| 040 |
_aBC-ENSA _bfre |
||
| 041 | _afre | ||
| 110 | _aOffice national des statistiques. Direction technique chargée des statistiques régionales de l'agriculture et de la cartographie | ||
| 245 | _aEvolution des agglomérations 1987, 1998 et 2008 | ||
| 260 |
_aAlger _bONS _c2011 |
||
| 300 |
_a30 p. _bill. _c30 cm |
||
| 562 | _e01 exemplaire | ||
| 942 | _c09 | ||
| 490 | _a2278 | ||
| 653 | _aECONOMIE/DYNAMIQUE DES POPULATIONS/POPULATION HUMAINE | ||